000 00563na a2200217 4500
001 15626
003 MIRAKIL
005 20181213154930.0
008 160918b tu 000 0
035 _a15626
040 _aMilas
_btur
_cTR-AnCHP
082 _a817.42
_bS65y
090 _a817.42 S65y 1990
100 _aSom, Deniz
_d1953 -
245 _aYani nasıl desem
_cDeniz Som
260 _aİstanbul
_bPapirus yayınları
_c1990
300 _a189 s.
_c20 sm.
490 _aPapirus yayınları
_v4
650 _aTürk edebiyatı
_xMizah
942 _2ddc
_cBKS
999 _c3395
_d3395